| 000 | 00457nam a22001697a 4500 | ||
|---|---|---|---|
| 005 | 20260219114839.0 | ||
| 008 | 260219b |||||||| |||| 00| 0 eng d | ||
| 020 | _a9781555811389 | ||
| 050 |
_aQR67 _b.M54 |
||
| 100 | _aMILLER, MICHEAL J. | ||
| 245 | _aA GUIDEN TO SPECIMEN MANAGERMENT IN CLINICAL MICROBIOLOGY | ||
| 250 | _a2ND | ||
| 260 |
_aWASHINTGTON _bASM PRESS _c1999 |
||
| 300 |
_aXIII, 185p. _bILLUS |
||
| 650 |
_aVERTEBRATE _vZOOLOGY |
||
| 942 | _cBK | ||
| 999 |
_c4557 _d4557 |
||